000 00292nam a2200109Ia 4500
008 190216s9999||||xx |||||||||||||| ||und||
100 _aHooda Ds--&Amp;Kapur Jn
245 0 _aAryabhata Life And Contributions
260 _bNew Age International Publishers
_c1996
300 _a130p
942 _cBK
999 _c33315
_d33315